00929nam a2200241 a 450000100100000000500170001000800410002704000250006808200220009324500580011526000880017330000280026149000130028949000180030250000860032065000340040665000460044065000370048665000270052371000330055073000530058383000510063600000952520250409122709.0090930s1988 dr 000 p spa d aDO-SdBNPbspacBNPHU aRD861.4209bP976o00aPublicaciones y opiniones de la poesía sorprendida. aSan Pedro de Macorís, Repblica Dominicana :bUniversidad Central del Este,c1988. a576 p. :bil. ;c30 cm.1 aUCE,v701 aLiterariav15 aIncluye índice onomástico e índice de ediciones de la Poesía Sorprendida. 0aPoesía dominicanaySiglo XX 4aPoesía dominicanayHISTORIA Y CRÍTICA 4aPoesía dominicanavCOLECCIONES 4aMovimientos literarios1 aUniversidad Central del Este3 aLa poesía sorprendida (República Dominicana) 0aUnivesidad Central del Estev70pLiterarian15